The sun also rises / (Record no. 3736)
[ view plain ]
| 000 -LEADER | |
|---|---|
| fixed length control field | 01245nam a22002535i 4500 |
| 005 - DATE AND TIME OF LATEST TRANSACTION | |
| control field | 20240425160414.0 |
| 020 ## - INTERNATIONAL STANDARD BOOK NUMBER | |
| International Standard Book Number | 9781789505108 |
| 040 ## - CATALOGING SOURCE | |
| Original cataloging agency | DLC |
| Language of cataloging | eng |
| Description conventions | rda |
| Transcribing agency | DLC |
| 050 ## - LIBRARY OF CONGRESS CALL NUMBER | |
| Classification number | PS3515.E37 |
| 082 ## - DEWEY DECIMAL CLASSIFICATION NUMBER | |
| Classification number | 813.52 |
| 100 1# - MAIN ENTRY--PERSONAL NAME | |
| Personal name | Hemingway, Ernest |
| Relator term | author. |
| 245 14 - TITLE STATEMENT | |
| Title | The sun also rises / |
| Statement of responsibility, etc. | Ernest Hemingway |
| 250 ## - EDITION STATEMENT | |
| Edition statement | This edition published in 2019 |
| 260 ## - PUBLICATION, DISTRIBUTION, ETC. | |
| Place of publication, distribution, etc. | London : |
| Name of publisher, distributor, etc. | Arcturus Publishing Limited , |
| Date of publication, distribution, etc. | 2019 |
| 300 ## - PHYSICAL DESCRIPTION | |
| Extent | 224 pages : |
| Other physical details | illustrations ; |
| Dimensions | 21 cm . |
| 505 ## - FORMATTED CONTENTS NOTE | |
| Formatted contents note | O <br/> |
| 520 ## - SUMMARY, ETC. | |
| Summary, etc. | A poignant look at the disillusionment and angst of the post-World War I generation, the novel introduces two of Hemingway's most unforgettable characters: Jake Barnes and Lady Brett Ashley. The story follows the flamboyant Brett and the hapless Jake as they journey from the wild nightlife of 1920s Paris to the brutal bullfighting rings of Spain with a motley group of expatriates. In his first great literary masterpiece, Hemingway portrays an age of moral bankruptcy, spiritual dissolution, unrealized love, and vanishing illusions. |
| 521 ## - TARGET AUDIENCE NOTE | |
| Target audience note | 610 <br/> |
| Source | Lexile <br/> |
| 521 ## - TARGET AUDIENCE NOTE | |
| Target audience note | O <br/> |
| Source | Raz-Plus <br/> |
| 650 ## - SUBJECT ADDED ENTRY--TOPICAL TERM | |
| Topical term or geographic name entry element | bullfighting |
| Form subdivision | fiction |
| 906 ## - LOCAL DATA ELEMENT F, LDF (RLIN) | |
| a | 0 |
| b | ibc |
| c | orignew |
| d | 2 |
| e | epcn |
| f | 20 |
| g | y-gencatlg |
| 942 ## - ADDED ENTRY ELEMENTS (KOHA) | |
| Source of classification or shelving scheme | Dewey Decimal Classification |
| Koha item type | Books |
| Suppress in OPAC | No |
| 999 ## - | |
| -- | 3736 |
| -- | 3736 |
| Withdrawn status | Lost status | Source of classification or shelving scheme | Damaged status | Not for loan | Collection | Home library | Current library | Shelving location | Date acquired | Total Checkouts | Full call number | Barcode | Date last seen | Price effective from | Koha item type |
|---|---|---|---|---|---|---|---|---|---|---|---|---|---|---|---|
| Dewey Decimal Classification | Fiction | Footprints International School Library Network Toul Kork Campus | Footprints International School Library Network Toul Kork Campus | 04/25/2024 | HEM 813.52 PS3515.E37 | FISSE03386 | 04/25/2024 | 04/25/2024 | Books |
